Bankový dohľad v optike Basel II
Bankový dohľad vytvára priestor na uskutočňovanie menovej politiky centrálnej banky, vplýva na redukciu možných rizík - na obozretné podnikanie bánk. Vývojové trendy v oblasti bankového dohľadu: 1. Bazilejská dohoda o kapitáli (Basle Capital Accord), 2. Nová bazilejská dohoda o kapitáli (New Basel C...
Enregistré dans:
| Auteur principal: | |
|---|---|
| Format: | Chapitre de livre |
| Langue: | slovaque |
| Sujets: | |
| Tags: |
Pas de tags, Soyez le premier à ajouter un tag!
|
MARC
| LEADER | 00000naa$a2200000$$$4500 | ||
|---|---|---|---|
| 001 | 0020596 | ||
| 005 | 20240502071411.3 | ||
| 041 | 0 | |a slo | |
| 044 | |a SK | ||
| 245 | 1 | 0 | |a Bankový dohľad v optike Basel II |c Vladimír Gonda |
| 520 | |a Bankový dohľad vytvára priestor na uskutočňovanie menovej politiky centrálnej banky, vplýva na redukciu možných rizík - na obozretné podnikanie bánk. Vývojové trendy v oblasti bankového dohľadu: 1. Bazilejská dohoda o kapitáli (Basle Capital Accord), 2. Nová bazilejská dohoda o kapitáli (New Basel Capital Accord - NBCA, Basel II, ). Tri piliere Basel II. Prvý pilier - minimálne kapitálové požiadavky, druhý pilier - proces dohľadu, tretí pilier - trhová disciplína. Bazilejské dokumenty a otázky bankového dohľadu v Európskej únii. | ||
| 610 | 2 | 0 | |a dohľad bankový |
| 610 | 2 | 0 | |a dohody medzinárodné |
| 610 | 2 | 0 | |a primeranosť kapitálová |
| 610 | 2 | 0 | |a riziko bankové |
| 610 | 2 | 0 | |a Európska únia |
| 610 | 2 | 0 | |a Bazilej II |
| 100 | 1 | |a Gonda, Vladimír | |